MARC details
| 000 -LEADER |
| fixed length control field |
01373nam a2200397Ia 4500 |
| 001 - CONTROL NUMBER |
| control field |
sjdsz9livm b1380817 |
| 003 - CONTROL NUMBER IDENTIFIER |
| control field |
sjds |
| 005 - DATE AND TIME OF LATEST TRANSACTION |
| control field |
20220808194626.0 |
| 008 - FIXED-LENGTH DATA ELEMENTS--GENERAL INFORMATION |
| fixed length control field |
930517s1992 mx a j 000 1 spa d |
| 020 ## - INTERNATIONAL STANDARD BOOK NUMBER |
| International Standard Book Number |
9686579206 |
| 020 ## - INTERNATIONAL STANDARD BOOK NUMBER |
| International Standard Book Number |
9789686579208 |
| 020 ## - INTERNATIONAL STANDARD BOOK NUMBER |
| International Standard Book Number |
7509965913828 |
| 024 ## - OTHER STANDARD IDENTIFIER |
| Source of number or code |
UPC |
| Standard number or code |
7509965913828 |
| 040 ## - CATALOGING SOURCE |
| Original cataloging agency |
LIV |
| Language of cataloging |
eng |
| Transcribing agency |
LIV |
| 041 ## - LANGUAGE CODE |
| Language code of text/sound track or separate title |
spa |
| 090 ## - LOCALLY ASSIGNED LC-TYPE CALL NUMBER (OCLC); LOCAL CALL NUMBER (OCLC) |
| Classification number (OCLC) (R) ; Classification number, CALL (RLIN) (NR) |
jSPAN PIC |
| Local cutter number (OCLC) ; Book number/undivided call number, CALL (RLIN) |
ROB |
| 100 1# - MAIN ENTRY--PERSONAL NAME |
| Personal name |
Robleda Moguel, Margarita. |
| 245 14 - TITLE STATEMENT |
| Title |
Una sorpresa para Ana Cristina / |
| Statement of responsibility, etc. |
Margarita Robleda Moguel ; ilustraciones y portada Maribel Surez. |
| 246 30 - VARYING FORM OF TITLE |
| Title proper/short title |
Surprise for Ana Cristina. |
| 246 3# - VARYING FORM OF TITLE |
| Title proper/short title |
Una sorpresa para Ana Cristina. |
| 250 ## - EDITION STATEMENT |
| Edition statement |
Spanish. |
| 264 #1 - PRODUCTION, PUBLICATION, DISTRIBUTION, MANUFACTURE, AND COPYRIGHT NOTICE |
| Place of production, publication, distribution, manufacture |
Mexico, D.F. : |
| Name of producer, publisher, distributor, manufacturer |
Sitesa, |
| Date of production, publication, distribution, manufacture, or copyright notice |
2000, c1992. |
| 300 ## - PHYSICAL DESCRIPTION |
| Extent |
21 pages : |
| Other physical details |
color illustrations ; |
| Dimensions |
23 cm. |
| 336 ## - CONTENT TYPE |
| Content type term |
text |
| Content type code |
txt |
| Source |
rdacontent. |
| 337 ## - MEDIA TYPE |
| Media type term |
unmediated |
| Media type code |
n |
| Source |
rdamedia. |
| 338 ## - CARRIER TYPE |
| Carrier type term |
volume |
| Carrier type code |
nc |
| Source |
rdacarrier. |
| 490 0# - SERIES STATEMENT |
| Series statement |
Nuevos cuentos para pulguitas. |
| 520 ## - SUMMARY, ETC. |
| Summary, etc. |
Ana Cristina loves chocolate chip cookies so much, that she devises a way to get the cookie box that's just out of her reach. |
| 526 0# - STUDY PROGRAM INFORMATION NOTE |
| Program name |
Accelerated Reader AR |
| Interest level |
LG |
| Reading level |
3.1 |
| Title point value |
0.5 |
| Public note |
53828. |
| 650 #1 - SUBJECT ADDED ENTRY--TOPICAL TERM |
| Topical term or geographic name as entry element |
Spanish language materials |
| Form subdivision |
Fiction. |
| 650 #1 - SUBJECT ADDED ENTRY--TOPICAL TERM |
| Topical term or geographic name as entry element |
Surprise |
| Form subdivision |
Fiction. |
| 650 #1 - SUBJECT ADDED ENTRY--TOPICAL TERM |
| Topical term or geographic name as entry element |
Chocolate chip cookies |
| Form subdivision |
Fiction. |
| 655 #7 - INDEX TERM--GENRE/FORM |
| Genre/form data or focus term |
Fiction. |
| Source of term |
lcgft. |
| 700 1# - ADDED ENTRY--PERSONAL NAME |
| Personal name |
Surez, Maribel, |
| Dates associated with a name |
1952- |
| 942 ## - ADDED ENTRY ELEMENTS (KOHA) |
| Koha item type |
Libro/Book |